000 nam a22 7a 4500
999 _c127019
_d127019
008 171003b xxu||||| |||| 00| 0 eng d
020 _a9781138866522
050 _aLB17.P485 1996
245 _aPhilosophy of Education
_ban encyclopedia
_cEdited by J.J. Chambliss
260 _aNew York
_bRoutledge
_c1996
300 _axvi, 720p. ;
_c26cm.
650 _aEducation
_xPhilosophy
_xEncyclopedias
_936674
942 _2lcc
_cMONOGRAPH